Torty od mamy jediný slovenský časopis pre milovníkov tort

Bibliographic Details
Other Authors: Čániová, Katarína (Publishing director), Kocurová, Lucia (Publishing director), Šulík, Veronika (Publishing director)
Format: Journal
Language:Slovak
PhysicalDescription:zv. 30 cm
Published: Košice Communication House 2010-
Bratislava nanicmama.sk
ISSN:1338-3094
Subjects:
Online Access:http://www.tortyodmamy.sk

MARC

LEADER 00000cas a2200000 a 4500
001 vtls010194088
003 SK-MaSNL
005 20260228161147.0
008 101202c20109999xo qr|p 0 b0slo
022 |a 1338-3094 
040 |a SVKPO  |b slo  |c SVKPO  |d SVKBB  |d SNK  |e AACR2 
041 0 |a slo 
044 |a xo  |c SK 
072 7 |a 641  |x Kuchárstvo. Potraviny. Varené jedlá  |2 konspekt 
072 7 |a 664  |x Potravinársky priemysel  |2 konspekt 
080 |a 641.853  |2 2001 
080 |a 641.526.2  |2 2011 
080 |a 641.85  |2 2011 
080 |a 664.684  |2 2011 
080 |a 050  |2 2011 
080 |a 379.8(051)  |2 2011 
210 0 |a Torty mamy 
222 0 |a Torty od mamy 
245 0 0 |a Torty od mamy  |b jediný slovenský časopis pre milovníkov tort 
260 |a Košice  |b Communication House  |c 2010- 
260 3 |3 2015-  |a Bratislava  |b nanicmama.sk 
300 |a zv.  |c 30 cm 
310 |a 4x ročne 
362 0 |a Roč. 1, č. 1 (2010)- 
500 |a Nový podnázov: prvý slovenský časopis pre milovníkov tort 
500 |a Evidenčné č.: EV 4149/10 
500 |a Šéfredaktorka: 2010-2014, Katarína Čániová ; 2015-2019, Lucia Kocurová; 2020- Veronika Šulík 
650 0 7 |a koláče  |2 SNKPH  |9 51333 
650 0 7 |a torty  |2 SNKPH  |9 668 
650 0 7 |a pečenie (príprava jedál)  |2 SNKPH  |9 55369 
655 7 |a časopisy pre voľný čas  |2 SNKPH  |9 70337 
700 1 |a Čániová, Katarína  |4 pbd  |9 268107 
700 1 |a Kocurová, Lucia  |4 pbd  |9 268108 
700 1 |a Šulík, Veronika  |4 pbd  |9 268109 
852 |a Štátna vedecká knižnica v Banskej Bystrici 
856 4 1 |u http://www.tortyodmamy.sk 
910 |a snk 
910 |a svkpo 
910 |a svkbb 
999 |c 4512  |d 6442 
952 |0 0  |1 0  |4 0  |7 0  |8 0  |a SNK  |b SNK  |d 2025-06-18  |i snk2025/9685  |l 0  |o snkČSB 7037/12/2021  |p 17A1557038  |r 2026-02-21 19:59:36  |t č. 1-4  |w 2026-02-21  |y PREZ 
952 |0 0  |1 0  |4 0  |7 0  |8 0  |a SNK  |b SNK  |d 2025-06-18  |i snk2025/9698  |l 0  |o snkČSB 7037/12/2021 D1  |p 17A1557039  |r 2026-02-21 19:59:36  |t č. 1-4, neúplné  |w 2026-02-21  |y PREZ  |z Chýba č. 2-4 
952 |0 0  |1 0  |4 0  |7 0  |8 0  |a SNK  |b SNK  |d 2025-06-18  |i snk2025/9701  |l 0  |o snkČSB 7037/13/2022  |p 17A1557040  |r 2026-02-21 19:59:36  |t č. 1-4  |w 2026-02-21  |y PREZ 
952 |0 0  |1 0  |4 0  |7 0  |8 0  |a SNK  |b SNK  |d 2025-06-18  |i snk2025/9706  |l 0  |o snkČSB 7037/14/2023  |p 17A1557041  |r 2026-02-21 19:59:36  |t č. 1-4  |w 2026-02-21  |y PREZ 
952 |0 0  |1 0  |4 0  |7 0  |8 0  |a SNK  |b SNK  |d 2025-06-18  |i snk2025/9707  |l 0  |o snkČSB 7037/15/2024  |p 17A1557042  |r 2026-02-21 19:59:36  |t č. 1-4  |w 2026-02-21  |y PREZ 
952 |0 0  |1 0  |4 0  |7 0  |8 0  |a SNK  |b SNK  |d 2025-06-18  |i snk2025/9683  |l 0  |o snkČSB 7037/11/2020 D1  |p 17A1557037  |r 2026-02-21 19:59:40  |t č. 1-4  |w 2026-02-21  |y PREZ 
952 |0 0  |1 0  |4 0  |7 0  |8 0  |a SNK  |b SNK  |d 2022-02-01  |i snk2022/1704  |l 0  |o snkČSB 7037/11/2020  |p 17A1461987  |r 2026-02-21 20:01:20  |t č. 1-4  |w 2026-02-21  |y PREZ 
952 |0 0  |1 0  |4 0  |7 0  |8 0  |a SNK  |b SNK  |d 2019-04-11  |i snk2019/10551  |l 0  |o snkČSB 7037/1/2010  |p 17A1366648  |r 2026-02-21 21:59:04  |t len č. 1  |w 2026-02-21  |y PREZ 
952 |0 0  |1 0  |4 0  |7 0  |8 0  |a SNK  |b SNK  |d 2019-04-11  |i snk2019/10553  |l 0  |o snkČSB 7037/4/2013  |p 17A1366649  |r 2026-02-21 21:59:04  |t č. 1-4  |w 2026-02-21  |y PREZ 
952 |0 0  |1 0  |4 0  |7 0  |8 0  |a SNK  |b SNK  |d 2019-04-11  |i snk2019/10555  |l 0  |o snkČSB 7037/5/2014  |p 17A1366650  |r 2026-02-21 21:59:04  |t č. 1-4  |w 2026-02-21  |y PREZ 
952 |0 0  |1 0  |4 0  |7 0  |8 0  |a SNK  |b SNK  |d 2019-04-11  |i snk2019/10556  |l 0  |o snkČSB 7037/6/2015  |p 17A1366651  |r 2026-02-21 21:59:04  |t č. 1-4, neúplné  |w 2026-02-21  |y PREZ  |z Chýba č. 4 
952 |0 0  |1 0  |4 0  |7 0  |8 0  |a SNK  |b SNK  |d 2019-04-11  |i snk2019/10557  |l 0  |o snkČSB 7037/7/2016  |p 17A1366652  |r 2026-02-21 21:59:04  |t č. 1-4  |w 2026-02-21  |y PREZ 
952 |0 0  |1 0  |4 0  |7 0  |8 0  |a SNK  |b SNK  |d 2019-04-11  |i snk2019/10558  |l 0  |o snkČSB 7037/8/2017  |p 17A1366653  |r 2026-02-21 21:59:04  |t č. 1-4  |w 2026-02-21  |y PREZ 
952 |0 0  |1 0  |4 0  |7 0  |8 0  |a SNK  |b SNK  |d 2019-04-11  |i snk2019/10559  |l 0  |o snkČSB 7037/9/2018  |p 17A1366654  |r 2026-02-21 21:59:04  |t č. 1-4  |w 2026-02-21  |y PREZ 
952 |0 0  |1 0  |4 0  |7 0  |8 0  |a SNK  |b SNK  |d 2019-04-11  |i snk2019/10560  |l 0  |o snkČSB 7037/4/2013 D1  |p 17A1366659  |r 2026-02-21 21:59:04  |t č. 1-4, neúplné  |w 2026-02-21  |y PREZ  |z Chýba č. 2,3,4 
952 |0 0  |1 0  |4 0  |7 0  |8 0  |a SNK  |b SNK  |d 2019-04-11  |i snk2019/10562  |l 0  |o snkČSB 7037/6/2015 D1  |p 17A1366655  |r 2026-02-21 21:59:04  |t č. 1-4, neúplné  |w 2026-02-21  |y PREZ  |z Chýba č. 4 
952 |0 0  |1 0  |4 0  |7 0  |8 0  |a SNK  |b SNK  |d 2019-04-11  |i snk2019/10563  |l 0  |o snkČSB 7037/7/2016 D1  |p 17A1366656  |r 2026-02-21 21:59:04  |t č. 1-4  |w 2026-02-21  |y PREZ 
952 |0 0  |1 0  |4 0  |7 0  |8 0  |a SNK  |b SNK  |d 2019-04-11  |i snk2019/10564  |l 0  |o snkČSB 7037/8/2017 D1  |p 17A1366657  |r 2026-02-21 21:59:04  |t č. 1-4  |w 2026-02-21  |y PREZ 
952 |0 0  |1 0  |4 0  |7 0  |8 0  |a SNK  |b SNK  |d 2019-04-11  |i snk2019/10566  |l 0  |o snkČSB 7037/9/2018 D1  |p 17A1366658  |r 2026-02-21 21:59:04  |t č. 1-4  |w 2026-02-21  |y PREZ 
952 |0 0  |1 0  |4 0  |7 0  |8 0  |a SNK  |b SNK  |d 2020-01-23  |i snk2020/1467  |l 0  |o snkČSB 7037/10/2019  |p 17A1386164  |r 2026-02-21 22:22:30  |t č. 1-4  |w 2026-02-21  |y PREZ 
952 |0 0  |1 0  |4 0  |7 0  |8 0  |a SNK  |b SNK  |d 2020-01-23  |i snk2020/1468  |l 0  |o snkČSB 7037/10/2019 D1  |p 17A1386165  |r 2026-02-21 22:22:30  |t č. 1-4  |w 2026-02-21  |y PREZ